<?xml version="1.0" encoding="UTF-8"?>
<record
    xmlns:xsi="http://www.w3.org/2001/XMLSchema-instance"
    xsi:schemaLocation="http://www.loc.gov/MARC21/slim http://www.loc.gov/standards/marcxml/schema/MARC21slim.xsd"
    xmlns="http://www.loc.gov/MARC21/slim">

  <leader>03371nam a2200565Ia 4500</leader>
  <controlfield tag="001">2095</controlfield>
  <controlfield tag="008">241029s9999    xx            000 0 und d</controlfield>
  <datafield tag="010" ind1=" " ind2=" ">
    <subfield code="a">1962</subfield>
  </datafield>
  <datafield tag="041" ind1=" " ind2=" ">
    <subfield code="a">Espa&#xF1;ol</subfield>
  </datafield>
  <datafield tag="082" ind1=" " ind2=" ">
    <subfield code="a">MA-ES 0010 FH 2010</subfield>
  </datafield>
  <datafield tag="245" ind1=" " ind2="0">
    <subfield code="a">Diagn&#xF3;stico sobre el dominio del curr&#xED;culum de Educaci&#xF3;n F&#xED;sica y competencias que poseen los egresados del CURO, en el &#xE1;rea que laboran en el Nivel B&#xE1;sico en el Distrito Educativo 02-05, a&#xF1;o 2008.</subfield>
  </datafield>
  <datafield tag="260" ind1=" " ind2=" ">
    <subfield code="a">San Juan</subfield>
  </datafield>
  <datafield tag="300" ind1=" " ind2=" ">
    <subfield code="a">127</subfield>
  </datafield>
  <datafield tag="520" ind1=" " ind2=" ">
    <subfield code="a">12</subfield>
  </datafield>
  <datafield tag="630" ind1=" " ind2=" ">
    <subfield code="a">Competencias</subfield>
  </datafield>
  <datafield tag="630" ind1=" " ind2=" ">
    <subfield code="a">Curr&#xED;culo</subfield>
  </datafield>
  <datafield tag="630" ind1=" " ind2=" ">
    <subfield code="a">Diagn&#xF3;stico</subfield>
  </datafield>
  <datafield tag="630" ind1=" " ind2=" ">
    <subfield code="a">Educaci&#xF3;n F&#xED;sica</subfield>
  </datafield>
  <datafield tag="650" ind1=" " ind2=" ">
    <subfield code="a">Educaci&#xF3;n F&#xED;sica</subfield>
  </datafield>
  <datafield tag="690" ind1=" " ind2=" ">
    <subfield code="a">Elaborado</subfield>
  </datafield>
  <datafield tag="700" ind1=" " ind2=" ">
    <subfield code="e">asesor</subfield>
    <subfield code="a">Mueses, Mayoban&#xE9;z </subfield>
  </datafield>
  <datafield tag="700" ind1=" " ind2=" ">
    <subfield code="e">autor</subfield>
    <subfield code="a">Roa Jim&#xE9;nez, Juan Antonio</subfield>
  </datafield>
  <datafield tag="700" ind1=" " ind2=" ">
    <subfield code="e">autor</subfield>
    <subfield code="a">Tejeda, Daniel Adames</subfield>
  </datafield>
  <datafield tag="901" ind1=" " ind2=" ">
    <subfield code="a">{"1":"Roa Jim&#xE9;nez","2":"Tejeda"}</subfield>
    <subfield code="b">{"1":"Juan Antonio","2":"Daniel Adames"}</subfield>
  </datafield>
  <datafield tag="902" ind1=" " ind2=" ">
    <subfield code="a">1</subfield>
  </datafield>
  <datafield tag="903" ind1=" " ind2=" ">
    <subfield code="a">{"1":"Mueses"}</subfield>
    <subfield code="b">{"1":"Mayoban&#xE9;z "}</subfield>
  </datafield>
  <datafield tag="904" ind1=" " ind2=" ">
    <subfield code="a">Maestr&#xED;a en</subfield>
  </datafield>
  <datafield tag="905" ind1=" " ind2=" ">
    <subfield code="a">Educaci&#xF3;n Superior</subfield>
  </datafield>
  <datafield tag="906" ind1=" " ind2=" ">
    <subfield code="a">2</subfield>
  </datafield>
  <datafield tag="907" ind1=" " ind2=" ">
    <subfield code="a">NO APLICA</subfield>
  </datafield>
  <datafield tag="908" ind1=" " ind2=" ">
    <subfield code="a">NO APLICA</subfield>
  </datafield>
  <datafield tag="909" ind1=" " ind2=" ">
    <subfield code="a">Universidad Aut&#xF3;noma de Santo Domingo (UASD)</subfield>
  </datafield>
  <datafield tag="910" ind1=" " ind2=" ">
    <subfield code="a">NULL</subfield>
    <subfield code="b">NULL</subfield>
  </datafield>
  <datafield tag="911" ind1=" " ind2=" ">
    <subfield code="a">["1"]</subfield>
  </datafield>
  <datafield tag="912" ind1=" " ind2=" ">
    <subfield code="a">NO APLICA</subfield>
  </datafield>
  <datafield tag="913" ind1=" " ind2=" ">
    <subfield code="a">NULL</subfield>
  </datafield>
  <datafield tag="914" ind1=" " ind2=" ">
    <subfield code="a">01 de Septiembre de 2010</subfield>
  </datafield>
  <datafield tag="915" ind1=" " ind2=" ">
    <subfield code="a">30/11/19 10:11</subfield>
  </datafield>
  <datafield tag="916" ind1=" " ind2=" ">
    <subfield code="a">NULL</subfield>
  </datafield>
  <datafield tag="917" ind1=" " ind2=" ">
    <subfield code="a">NULL</subfield>
  </datafield>
  <datafield tag="918" ind1=" " ind2=" ">
    <subfield code="a">NO APLICA</subfield>
  </datafield>
  <datafield tag="919" ind1=" " ind2=" ">
    <subfield code="a">["40","52","217","295"]</subfield>
  </datafield>
  <datafield tag="520" ind1=" " ind2=" ">
    <subfield code="a">El estudio se plante&#xF3; como objetivo principal describir el dominio del curr&#xED;culo de Educaci&#xF3;n F&#xED;sica y competencias que poseen los egresados del CURO en el &#xE1;rea, que laboran en el Nivel B&#xE1;sico en el Distrito Educativo 02-05, a&#xF1;o 2008. As&#xED; como tambi&#xE9;n verificar el dominio de los diferentes ejes tem&#xE1;ticos de la Educaci&#xF3;n F&#xED;sica por parte de los egresados del &#xE1;rea que laboran en el Nivel B&#xE1;sico.La investigaci&#xF3;n se fundament&#xF3; en el m&#xE9;todo te&#xF3;rico dentro de lo que se puede citar la s&#xED;ntesis y el an&#xE1;lisis, de tipo exploratorio descriptivo. Las t&#xE9;cnicas utilizadas fueron estad&#xED;sticas y t&#xE9;cnicas de triangulaci&#xF3;n, el instrumento utilizado fue un cuestionario, una ficha de observaci&#xF3;n. Se procedi&#xF3; a un censo de los egresados/as de la Licenciatura en Educaci&#xF3;n F&#xED;sica del Centro Universitario Regional del Oeste CURO, que laboran en el Distrito Educativo 02-05. La poblaci&#xF3;n de maestros est&#xE1; compuesta por cuarenta y ocho (48) profesores de Educaci&#xF3;n F&#xED;sica de los cuales diecis&#xE9;is (16) son egresados del CURO, lo que representa un 33%.El estudio concluye, que se pudo constatar que la mayor parte de los maestros consultados tienen gran dominio de la cantidad de eje tem&#xE1;tico que componen el curriculum de Educaci&#xF3;n F&#xED;sica. Se verific&#xF3; que la gran mayor&#xED;a de maestros encuestados utilizan recursos did&#xE1;cticos convencionales y un m&#xED;nimo utiliza recursos no convencionales.La investigaci&#xF3;n sugiere, que deben realizar una minuciosa revisi&#xF3;n del pens&#xFA;m de Educaci&#xF3;n F&#xED;sica del CURO y adecuar sus asignaturas acorde con lo establecido en el curriculum vigente del nivel b&#xE1;sico. Se debe promover la actualizaci&#xF3;n constante de los profesores egresados del &#xE1;rea, en los diferentes ejes tem&#xE1;ticos que componen el curriculum de Educaci&#xF3;n F&#xED;sica.</subfield>
  </datafield>
  <datafield tag="921" ind1=" " ind2=" ">
    <subfield code="a">16</subfield>
  </datafield>
  <datafield tag="922" ind1=" " ind2=" ">
    <subfield code="a">16</subfield>
  </datafield>
  <datafield tag="923" ind1=" " ind2=" ">
    <subfield code="a">0</subfield>
  </datafield>
  <datafield tag="924" ind1=" " ind2=" ">
    <subfield code="a">NO APLICA</subfield>
  </datafield>
  <datafield tag="942" ind1=" " ind2=" ">
    <subfield code="c">Tesis</subfield>
  </datafield>
  <datafield tag="999" ind1=" " ind2=" ">
    <subfield code="c">1962</subfield>
    <subfield code="d">1962</subfield>
  </datafield>
</record>
